| 000 | 02403 a2200265 4500 | ||
|---|---|---|---|
| 001 | 2162214035926770 | ||
| 003 | UA-OsUOA | ||
| 005 | 20260506105337.0 | ||
| 008 | 260506b un o|||| |||| 00| 0dukr d | ||
| 020 | _a9667087174 | ||
| 040 |
_aUA-OsUOA _bukr _cUA-OsUOA _dUA-OsUOA |
||
| 041 |
_aukr _arus |
||
| 080 | _a929:78.07(477) | ||
| 090 |
_a929:78.07(477) _bК76 |
||
| 100 |
_aКошиць О. _925179 |
||
| 245 |
_aЛисти до друга (1904-1931) _cупоряд., коментарі, вступ. стаття і покажчик імен Л. О. Пархоменко |
||
| 260 |
_aКиїв _bРада _c1998 |
||
| 300 | _a190 с. | ||
| 520 | _aОлександр Кошиць (1875-1931) - геніальний український диригент, композитор, видатний діяч національного мистецтва, культурного відродження ХХ ст. Виїхавши 1919 року з Республіканською хоровою капелою у концертне турне, здійснив місію посланця Української Народної Республіки до народів світу. Виступи Капели в країнах Європи й Америки мали тріумфальний успіх, легендарну славу. Концерти викликали захоплення мистецтвом України. Але назад, на Батьківщину, повернутися Кошиць не зміг. І це стало трагедією життя митця. Нестерпна ностальгія, внутрішній опір чужому для нього прагматичному світові спопелили його душу, вкоротили віку. Ці колізії хвилююче розкриваються в добірці листів до друга - В. Беневського, російського регента і педагога. Цікавим до проблем культури, історії, для музикантів, любителів мистецтва. | ||
| 650 |
_a929 Біографічні дослідження _91571 |
||
| 700 | 1 |
_aПархоменко Л. О. _925185 |
|
| 942 |
_cBK _2udc |
||
| 955 | _a4 | ||
| 999 |
_c580646 _d580646 |
||